000 01413nam2a2200313 4500
001 RU\NLR\BIBL_A\012469217
005 20250806201446.0
035 _a(NLR Aleph) 012469217
090 _a55098
_c55098
100 _a20250806 rusy50
101 0 _arus
102 _aRU
135 _acrcn 024anaba
200 0 _a1943, № 210 (6109) (3 дек.)
210 _d1943
300 _a№ 210 (6109): ошибочно пронумерован № 209 (6109)
325 1 _aКопия доступна в электронной библиотеке РНБ
461 0 _1001RU\NLR\DIGIT\NP\000346
_12001#$aКрасная Мордовия$eорган Мордовского обкома ВКП(б), Верховного Совета МАССР, Саранского горкома ВКП(б) и горсовета$v1943, № 210 (6109) (3 дек.)
852 _aNLR
_jР1963
856 0 _uhttps://vivaldi.nlr.ru/ap000064499/view
856 1 _uhttps://vivaldi.nlr.ru/ap000064499/cover
856 2 _uhttps://vivaldi.nlr.ru/ap000064499/text
901 _eГазеты
942 _cISSNP
945 _aРоссийская национальная библиотека
980 _aNB
980 _aBV
981 2 7 _a(27) Периодические издания
_b(27) Газеты